000 00877nam a2200181 4500
005 20260408194139.0
020 _a9781666888881
050 _aRA427.8
_b .Sh4
100 _aShepard, Joel
245 _aNJECTIONS DISEASES AND PUBLIC HEALTH
_cJoel Shepard
260 _aWashington De USA
_bKaufman Press
_c2026
300 _a309p.:
_bill.
500 _aIncludes index.
505 _aC.1. Cell in Autoimmune disease C.2. Preventive medicine C.3. Viruses and human Disease C..4. COVID - 19 and public health disease C.5. Vaccination and very important statistics in public health C.6. Genetic disorders in humans C.7. Vaccination application of immunology C.8. Human Gastrointestinal nematode infections C.9. Control of viral infections and diseases C.10. Diseases, ecology and human health
650 _aHealth promotion
650 _aPublic health
942 _cBK
999 _c8576
_d8576